[Event "Titled Tuesday intern op 30th Apr Early"]
[Site "Chess.com INT"]
[Date "2024.04.30"]
[Round "8"]
[White "Hong, Andrew Z"]
[Black "Cherniaiev, Tykhon"]
[Result "1/2-1/2"]
[WhiteElo "2542"]
[BlackElo "2306"]
[PlyCount "100"]
[EventDate "2024.04.30"]
[EventType "swiss (blitz)"]
[EventRounds "11"]
[EventCountry "USA"]
[SourceTitle "CB19_2024"]
[SourceDate "2024.05.08"]
[SourceVersion "1"]
[SourceVersionDate "2024.05.08"]
[SourceQuality "1"]

1. d4 Nf6 2. Nc3 d5 3. Bf4 c5 4. e3 a6 5. Nf3 Nc6 6. Ne5 cxd4 7. exd4 e6 8. Nxc6 bxc6 9. Be2 Bd6 10. Bxd6 Qxd6 11. 0-0 0-0 12. Na4 e5 13. dxe5 Qxe5 14. Re1 Qg5 15. Qc1 Qh4 16. Nb6 Rb8 17. Nxc8 Rfxc8 18. Bxa6 Rc7 19. Bd3 Qd4 20. b3 Qc3 21. Qe3 d4 22. Qg3 Rcc8 23. Bf5 Qxg3 24. hxg3 Rc7 25. a4 Nd5 26. Re5 g6 27. Bd3 Nb4 28. Rd1 c5 29. g4 Kg7 30. g5 Nxd3 31. Rxd3 c4 32. Rxd4 cxb3 33. cxb3 Rxb3 34. Rd8 h6 35. f4 hxg5 36. fxg5 f6 37. gxf6+ Kxf6 38. Rb5 Ra3 39. Rd6+ Kg7 40. Ra5 Rc4 41. Ra7+ Kh6 42. a5 Ra2 43. Rf6 Rcc2 44. a6 Rxg2+ 45. Kh1 Rh2+ 46. Kg1 Rag2+ 47. Kf1 Rb2 48. Kg1 Rbg2+ 49. Kf1 Ra2 50. Kg1 Rag2+ 1/2-1/2

[Event "Titled Tuesday intern op 30th Apr Early"]
[Site "Chess.com INT"]
[Date "2024.04.30"]
[Round "5"]
[White "Hong, Andrew Z"]
[Black "Quesada Perez, Yuniesky"]
[Result "1-0"]
[WhiteElo "2542"]
[BlackElo "2591"]
[PlyCount "179"]
[EventDate "2024.04.30"]
[EventType "swiss (blitz)"]
[EventRounds "11"]
[EventCountry "USA"]
[SourceTitle "CB19_2024"]
[SourceDate "2024.05.08"]
[SourceVersion "1"]
[SourceVersionDate "2024.05.08"]
[SourceQuality "1"]

1. d4 Nf6 2. Nc3 d5 3. Bf4 c5 4. e3 cxd4 5. exd4 a6 6. Nf3 Nc6 7. Ne5 Bd7 8. Ne2 Nh5 9. Be3 Rc8 10. c3 g6 11. Nxd7 Qxd7 12. Nc1 Bg7 13. Nd3 0-0 14. Be2 Nf6 15. 0-0 Ne4 16. Bf3 b6 17. Re1 e6 18. Bf4 f5 19. Be2 g5 20. Bc1 g4 21. Bf4 Kh8 22. f3 gxf3 23. gxf3 Nf6 24. Kh1 Nh5 25. Be3 Rg8 26. Rg1 Qe7 27. Qe1 Bf6 28. Qd2 Rg6 29. Rxg6 hxg6 30. Rg1 Kh7 31. f4 Qf7 32. Qd1 Na5 33. Qf1 Nc4 34. Bc1 Nd6 35. Qh3 Ne4 36. Be3 a5 37. Ne1 Rh8 38. Nd3 Bg7 39. Bxh5 gxh5 40. Bf2 Rg8 41. Bh4 Bh8 42. Bg5 Bg7 43. Rg2 Bh8 44. Kg1 Bf6 45. Qe3 Qe7 46. h4 Qf7 47. Kf1 Bg7 48. Ke1 b5 49. Rc2 Rc8 50. Qe2 Bh8 51. Nc1 Qe8 52. Nb3 a4 53. Nc1 a3 54. bxa3 Rxc3 55. Nb3 Kg6 56. Rxc3 Nxc3 57. Qc2 Qc6 58. Be7 Qc4 59. Bc5 Ne4 60. Qg2+ Kf7 61. Qe2 Qc3+ 62. Kd1 Qg3 63. Qxh5+ Kg7 64. Bf8+ Kg8 65. Bh6 Qd3+ 66. Kc1 Qc3+ 67. Kb1 Qd3+ 68. Kc1 Qf1+ 69. Kc2 Qf2+ 70. Kd3 Qg3+ 71. Kc2 Qc3+ 72. Kd1 Qd3+ 73. Ke1 Qg3+ 74. Kd1 Qg1+ 75. Kc2 Qg2+ 76. Kc1 Qf1+ 77. Qd1 Qg2 78. Qc2 Qg1+ 79. Kb2 Bxd4+ 80. Nxd4 Qxd4+ 81. Kb1 Nc3+ 82. Kc1 Qe3+ 83. Kb2 d4 84. Qg2+ Kf7 85. Qb7+ Ke8 86. Qc8+ Ke7 87. Bg5+ Kf7 88. Qd7+ Kf8 89. Bh6+ Kg8 90. Qg7# 1-0

[Event "Titled Tuesday intern op 30th Apr Early"]
[Site "Chess.com INT"]
[Date "2024.04.30"]
[Round "3"]
[White "Masruri, Rahman"]
[Black "Hong, Andrew Z"]
[Result "0-1"]
[WhiteElo "2281"]
[BlackElo "2542"]
[PlyCount "120"]
[EventDate "2024.04.30"]
[EventType "swiss (blitz)"]
[EventRounds "11"]
[EventCountry "USA"]
[SourceTitle "CB19_2024"]
[SourceDate "2024.05.08"]
[SourceVersion "1"]
[SourceVersionDate "2024.05.08"]
[SourceQuality "1"]

1. d4 d6 2. e4 g6 3. Nc3 Bg7 4. Be3 a6 5. f3 b5 6. Qd2 Bb7 7. h4 h6 8. h5 g5 9. Nge2 Nd7 10. Ng3 e6 11. a4 b4 12. Nd1 c5 13. c3 bxc3 14. Nxc3 Ne7 15. Be2 Nc6 16. dxc5 Nxc5 17. Rd1 Be5 18. Kf2 0-0 19. Rhf1 Qf6 20. Qe1 Nb4 21. Rd2 Nb3 22. Nh1 d5 23. exd5 exd5 24. Kg1 Nxd2 25. Bxd2 Rae8 26. Qd1 Qb6+ 27. Nf2 d4 28. a5 Qxa5 29. Na2 Bd6 30. Bc4 Qb6 31. Ng4 Kg7 32. Nxb4 d3+ 33. Kh1 Bxb4 34. Bxb4 Qxb4 35. Qxd3 Rd8 36. Qf5 Qd6 37. Bd3 Rh8 38. Bc4 Rdf8 39. Re1 Bc8 40. Qe4 Re8 41. Qb1 Bxg4 42. fxg4 Qg3 43. Rf1 Re7 44. Qf5 Qd6 45. Bxf7 Rf8 46. Qg6+ Qxg6 47. hxg6 Re4 48. Kg1 Rxg4 49. Rc1 Rb4 50. Rc7 Rxb2 51. Be8+ Kf6 52. Bf7 a5 53. Rc6+ Kg7 54. Rc7 a4 55. Bb3+ Kxg6 56. Bxa4 Rf4 57. Bc2+ Kh5 58. g3 Rd4 59. Rc6 Rd2 60. Bf5 Rd1# 0-1

[Event "Titled Tuesday intern op 23rd Apr Late"]
[Site "Chess.com INT"]
[Date "2024.04.23"]
[Round "5"]
[White "Hong, Andrew Z"]
[Black "Adla, Diego Gustavo"]
[Result "0-1"]
[WhiteElo "2542"]
[BlackElo "2387"]
[PlyCount "96"]
[EventDate "2024.04.23"]
[EventType "swiss (blitz)"]
[EventRounds "11"]
[EventCountry "USA"]
[SourceTitle "CB18_2024"]
[SourceDate "2024.05.01"]
[SourceVersion "1"]
[SourceVersionDate "2024.05.01"]
[SourceQuality "2"]

1. d4 Nf6 2. Nc3 d5 3. Bf4 a6 4. e3 b5 5. h4 Bb7 6. g4 e6 7. g5 Ne4 8. Nxe4 dxe4 9. Ne2 Bd6 10. Bxd6 cxd6 11. Ng3 Nd7 12. Qg4 d5 13. h5 Qe7 14. 0-0-0 Rc8 15. Bh3 Nb6 16. Qf4 Nc4 17. Bf1 Nxb2 18. Bh3 Qa3 19. Kd2 Qc3+ 20. Ke2 Qxc2+ 21. Kf1 Qxd1+ 22. Kg2 Qf3+ 23. Qxf3 exf3+ 24. Kxf3 Rc2 25. Ne2 Nc4 26. Nf4 Nd2+ 27. Kg4 Ne4 28. Rf1 Nxf2+ 29. Kh4 Nxh3 30. Nxh3 0-0 31. h6 f6 32. Rg1 fxg5+ 33. Rxg5 g6 34. Nf4 Rh2+ 35. Kg3 Rxh6 36. Nxe6 Re8 37. Nc5 Bc6 38. Nxa6 Rxe3+ 39. Kf2 Ra3 40. Nb4 Bb7 41. Kg2 Rh4 42. Nc2 Rxa2 43. Kg3 Re4 44. Nb4 Ra3+ 45. Kf2 Rxd4 46. Nc2 Rd2+ 47. Ke1 Rxc2 48. Rxg6+ hxg6 0-1

[Event "Titled Tuesday intern op 23rd Apr Late"]
[Site "Chess.com INT"]
[Date "2024.04.23"]
[Round "8"]
[White "Hong, Andrew Z"]
[Black "Hommadov, Amanmuhammet"]
[Result "1-0"]
[WhiteElo "2542"]
[BlackElo "2223"]
[PlyCount "49"]
[EventDate "2024.04.23"]
[EventType "swiss (blitz)"]
[EventRounds "11"]
[EventCountry "USA"]
[SourceTitle "CB18_2024"]
[SourceDate "2024.05.01"]
[SourceVersion "1"]
[SourceVersionDate "2024.05.01"]
[SourceQuality "2"]

1. d4 Nf6 2. Nc3 d5 3. Bf4 g6 4. Qd2 Bg7 5. 0-0-0 0-0 6. Bh6 Bxh6 7. Qxh6 Ng4 8. Qf4 c5 9. dxc5 e5 10. Qg3 d4 11. h3 Qg5+ 12. Kb1 dxc3 13. hxg4 cxb2 14. Qh2 h6 15. Nf3 Qf4 16. g3 Qf6 17. Qxh6 Qg7 18. Qe3 Nc6 19. Ng5 Bxg4 20. Rh7 Qxh7 21. Nxh7 Kxh7 22. Bg2 Kg7 23. Bxc6 bxc6 24. f3 Be6 25. Qxe5+ 1-0

[Event "Titled Tuesday intern op 23rd Apr Late"]
[Site "Chess.com INT"]
[Date "2024.04.23"]
[Round "10"]
[White "Quispe Arteaga, Gabriel"]
[Black "Hong, Andrew Z"]
[Result "1-0"]
[WhiteElo "2405"]
[BlackElo "2542"]
[PlyCount "227"]
[EventDate "2024.04.23"]
[EventType "swiss (blitz)"]
[EventRounds "11"]
[EventCountry "USA"]
[SourceTitle "CB18_2024"]
[SourceDate "2024.05.01"]
[SourceVersion "1"]
[SourceVersionDate "2024.05.01"]
[SourceQuality "2"]

1. b3 d5 2. Bb2 Bg4 3. d4 Nc6 4. h3 Bh5 5. Nd2 f6 6. Ngf3 e6 7. e3 Bd6 8. c4 Nh6 9. a3 0-0 10. Bd3 Qe8 11. Qc2 Bg6 12. e4 dxe4 13. Nxe4 e5 14. d5 Nd4 15. Nxd4 exd4 16. 0-0-0 Be5 17. g3 c6 18. Kb1 cxd5 19. cxd5 Rc8 20. Qe2 Qd7 21. Rc1 Rfe8 22. Ka2 Bd6 23. Qf3 Nf7 24. Bxd4 Be5 25. Nc5 Qe7 26. Bxg6 hxg6 27. Be3 Bd6 28. b4 Ne5 29. Qe2 b6 30. Nb3 Qd7 31. Rhd1 Qa4 32. Rxc8 Rxc8 33. Rc1 Rd8 34. Qd2 a5 35. Qc3 Bxb4 36. Qb2 Rxd5 37. Nd4 Nd3 38. Rc8+ Kh7 39. Qb3 Qd7 40. Qxd3 Qxc8 41. axb4 axb4 42. Kb2 Rc5 43. Nb3 Rc3 44. Qd4 Rc4 45. Qd3 Qe6 46. Bd2 b5 47. h4 Qe5+ 48. Kb1 Qc7 49. h5 f5 50. hxg6+ Kxg6 51. Nd4 Qe5 52. Nb3 Rc6 53. Bc1 Rd6 54. Qe3 Qd5 55. Qg5+ Kf7 56. Qe3 Rc6 57. Bb2 Rc3 58. Bxc3 Qxb3+ 59. Bb2 Qd1+ 60. Ka2 Qa4+ 61. Kb1 Qd1+ 62. Bc1 b3 63. Qd2 Qf3 64. Kb2 Kg6 65. Qe3 Qg2 66. Qg5+ Kh7 67. Qxf5+ Kg8 68. Kxb3 Qc6 69. Kb2 Qc4 70. Be3 b4 71. Qc2 Qb5 72. Qb3+ Kh7 73. Bd2 Qe5+ 74. Kc2 Qc5+ 75. Kd1 Qxf2 76. Bxb4 Qf1+ 77. Be1 Qf6 78. Qe3 Qd6+ 79. Ke2 Qa6+ 80. Qd3+ Qg6 81. Qxg6+ Kxg6 82. Kf3 Kf5 83. Bd2 Ke6 84. Kg4 Kf6 85. Bc3+ Kg6 86. Kh4 Kh6 87. g4 g6 88. g5+ Kh7 89. Kg4 Kg8 90. Kf4 Kf7 91. Ke5 Ke7 92. Bd2 Kf7 93. Kd6 Kf8 94. Ke6 Kg7 95. Ke7 Kg8 96. Kf6 Kh7 97. Kf7 Kh8 98. Kxg6 Kg8 99. Kh6 Kh8 100. g6 Kg8 101. g7 Kf7 102. Kh7 Ke6 103. g8Q+ Ke5 104. Qf8 Ke4 105. Bh6 Kd3 106. Kg6 Kc4 107. Qd6 Kb5 108. Qc7 Kb4 109. Kf5 Kb3 110. Ke4 Kb4 111. Kd4 Kb5 112. Qb7+ Ka4 113. Kc4 Ka3 114. Qb3# 1-0

[Event "Titled Tuesday intern op 23rd Apr Late"]
[Site "Chess.com INT"]
[Date "2024.04.23"]
[Round "6"]
[White "Singh, Ojasva"]
[Black "Hong, Andrew Z"]
[Result "0-1"]
[WhiteElo "2314"]
[BlackElo "2542"]
[PlyCount "100"]
[EventDate "2024.04.23"]
[EventType "swiss (blitz)"]
[EventRounds "11"]
[EventCountry "USA"]
[SourceTitle "CB18_2024"]
[SourceDate "2024.05.01"]
[SourceVersion "1"]
[SourceVersionDate "2024.05.01"]
[SourceQuality "2"]

1. e4 Nc6 2. Nc3 Nf6 3. Nf3 d5 4. e5 Ne4 5. d4 Bf5 6. Bd3 e6 7. 0-0 Be7 8. Ne2 0-0 9. Ng3 Bg6 10. c3 f5 11. exf6 Bxf6 12. Re1 e5 13. dxe5 Nxe5 14. Nxe5 Bxe5 15. Bxe4 dxe4 16. Qxd8 Raxd8 17. Be3 b6 18. Bg5 Rde8 19. Rad1 h6 20. Be3 c5 21. Rd7 a5 22. Red1 a4 23. Rb7 Rd8 24. Rdd7 Rxd7 25. Rxd7 a3 26. bxa3 Bxc3 27. Rd6 Rf6 28. Rxf6 Bxf6 29. a4 Bc3 30. Ne2 Bb4 31. Nc1 Bf7 32. Nb3 c4 33. Nd4 Be8 34. Nc2 Ba5 35. Na3 Bf7 36. Kf1 c3 37. Ke2 Bxa2 38. Nb5 Bc4+ 39. Kd1 Bb3+ 40. Kc1 Bxa4 41. Nd6 Bb4 42. Nxe4 Ba3+ 43. Kb1 c2+ 44. Ka2 c1Q 45. Bxc1 Bxc1 46. Nc3 Bc6 47. f3 Bf4 48. h3 Be5 49. Kb3 Bxc3 50. Kxc3 Kf7 0-1

[Event "Titled Tuesday intern op 16th Apr Early"]
[Site "Chess.com INT"]
[Date "2024.04.16"]
[Round "6"]
[White "Hong, Andrew Z"]
[Black "Rustemov, Alexander"]
[Result "1/2-1/2"]
[WhiteElo "2542"]
[BlackElo "2525"]
[PlyCount "214"]
[EventDate "2024.04.16"]
[EventType "swiss (blitz)"]
[EventRounds "11"]
[EventCountry "USA"]
[SourceTitle "CB17_2024"]
[SourceDate "2024.04.24"]
[SourceVersion "1"]
[SourceVersionDate "2024.04.24"]
[SourceQuality "1"]

1. d4 d5 2. Nc3 Nf6 3. Bf4 c5 4. e3 cxd4 5. exd4 a6 6. Nf3 Nc6 7. Ne5 e6 8. Ne2 Bd6 9. Nc1 Qc7 10. Ncd3 Nxd4 11. c3 Nc6 12. Qe2 Ne4 13. Nxc6 Bxf4 14. Nxf4 Qxf4 15. Nb4 0-0 16. Nd3 Qf6 17. Qe3 Bd7 18. Be2 Bb5 19. Nf4 Bxe2 20. Nxe2 Rfc8 21. 0-0 Nd6 22. Rad1 Nc4 23. Qc1 b5 24. Rd3 a5 25. Rf3 Qe7 26. Nd4 b4 27. Re1 Nd6 28. Qf4 bxc3 29. bxc3 Ne4 30. Ree3 h6 31. h4 Rc4 32. Rxe4 dxe4 33. Rg3 Kh8 34. Qe5 Qf6 35. Qxe4 Rac8 36. Rf3 Qg6 37. Qxg6 fxg6 38. Nxe6 Rxh4 39. Rf7 Re4 40. Nc7 Rxc7 41. Rxc7 Re1+ 42. Kh2 Re2 43. f3 Rxa2 44. c4 g5 45. Ra7 Kh7 46. c5 a4 47. c6 Rc2 48. Rxa4 Rxc6 49. Ra5 Kg6 50. g4 Re6 51. Kg3 Kf6 52. Rf5+ Ke7 53. Ra5 Rd6 54. Ra7+ Rd7 55. Ra5 Ke6 56. Ra6+ Kf7 57. Ra5 Re7 58. Rf5+ Kg6 59. Ra5 Re6 60. Rb5 Kf6 61. Rf5+ Ke7 62. Ra5 Kf7 63. Ra7+ Re7 64. Ra5 g6 65. Rb5 Kf6 66. Rb6+ Re6 67. Rb8 h5 68. gxh5 gxh5 69. Rb5 Re5 70. Rb4 Kf5 71. Rb8 Re3 72. Rf8+ Kg6 73. Rg8+ Kf6 74. Rf8+ Kg7 75. Ra8 g4 76. Kh4 gxf3 77. Kg3 Kg6 78. Rf8 Kg5 79. Rxf3 h4+ 80. Kf2 Re4 81. Ra3 Kg4 82. Kg2 Re2+ 83. Kg1 Re4 84. Rb3 Rf4 85. Ra3 Rb4 86. Rc3 Rb1+ 87. Kg2 h3+ 88. Kh2 Rb2+ 89. Kh1 Rb1+ 90. Kh2 Rb4 91. Rc2 Rf4 92. Rc3 Rf2+ 93. Kg1 Rg2+ 94. Kh1 Rf2 95. Rb3 Rf4 96. Ra3 Kh4 97. Rb3 Rg4 98. Rc3 Rf4 99. Rb3 Kg4 100. Ra3 Rf1+ 101. Kh2 Rf2+ 102. Kg1 Rf3 103. Rxf3 Kxf3 104. Kh2 Kg4 105. Kh1 Kg3 106. Kg1 h2+ 107. Kh1 Kh3 1/2-1/2

[Event "Titled Tuesday intern op 16th Apr Late"]
[Site "Chess.com INT"]
[Date "2024.04.16"]
[Round "3"]
[White "Matinian, Nikita"]
[Black "Hong, Andrew Z"]
[Result "1-0"]
[WhiteElo "2392"]
[BlackElo "2542"]
[PlyCount "111"]
[EventDate "2024.04.16"]
[EventType "swiss (blitz)"]
[EventRounds "11"]
[EventCountry "USA"]
[SourceTitle "CB17_2024"]
[SourceDate "2024.04.24"]
[SourceVersion "1"]
[SourceVersionDate "2024.04.24"]
[SourceQuality "1"]

1. e4 Nc6 2. Nf3 d6 3. d4 Nf6 4. Nc3 g6 5. d5 Nb8 6. Bf4 Bg7 7. Qd2 Bg4 8. Nd4 c5 9. dxc6 Nxc6 10. Nxc6 bxc6 11. f3 Be6 12. Bh6 Bxh6 13. Qxh6 Qb6 14. 0-0-0 Rb8 15. b3 Qa5 16. Kb2 g5 17. h4 Rg8 18. hxg5 Rxg5 19. Rxd6 Rg6 20. Qxg6 fxg6 21. Rxe6 Rb4 22. Rxc6 Rb7 23. Bc4 Rc7 24. Rxc7 Qxc7 25. Rd1 Qe5 26. b4 h5 27. Kb3 h4 28. Nd5 Nxd5 29. Bxd5 Qh2 30. f4 Qxg2 31. e5 Qg3+ 32. Rd3 Qxf4 33. Bc6+ Kf7 34. Rf3 g5 35. Rxf4+ gxf4 36. c4 Ke6 37. c5 Kxe5 38. Bf3 h3 39. c6 Kd6 40. b5 Kc7 41. a4 Kd6 42. Kc4 e5 43. Kd3 h2 44. Ke4 Ke6 45. a5 Kd6 46. Kf5 e4 47. Bxe4 a6 48. b6 h1Q 49. Bxh1 f3 50. Bxf3 Kc5 51. c7 Kb4 52. c8Q Kxa5 53. b7 Kb6 54. b8Q+ Ka5 55. Qc3+ Ka4 56. Bc6# 1-0

[Event "Titled Tuesday intern op 16th Apr Late"]
[Site "Chess.com INT"]
[Date "2024.04.16"]
[Round "6"]
[White "Rozman, Levy"]
[Black "Hong, Andrew Z"]
[Result "1-0"]
[WhiteElo "2322"]
[BlackElo "2542"]
[PlyCount "155"]
[EventDate "2024.04.16"]
[EventType "swiss (blitz)"]
[EventRounds "11"]
[EventCountry "USA"]
[SourceTitle "CB17_2024"]
[SourceDate "2024.04.24"]
[SourceVersion "1"]
[SourceVersionDate "2024.04.24"]
[SourceQuality "1"]

1. e4 Nc6 2. Nc3 Nf6 3. f4 d5 4. e5 Ne4 5. Nf3 Bf5 6. Ne2 e6 7. d3 Nc5 8. Ng3 Bg4 9. Be3 d4 10. Bf2 Qd5 11. Be2 h5 12. h3 h4 13. hxg4 hxg3 14. Rxh8 gxf2+ 15. Kxf2 f6 16. exf6 gxf6 17. a3 0-0-0 18. Qh1 Qd6 19. g3 Ne7 20. Qh5 Nd5 21. Qf7 Ne3 22. g5 e5 23. g6 exf4 24. g7 fxg3+ 25. Kg1 Bxg7 26. Qxg7 g2 27. Rxd8+ Qxd8 28. c3 Ne6 29. Qg3 c5 30. cxd4 cxd4 31. Rc1+ Kd7 32. Nxd4 Nxd4 33. Qxe3 Qb6 34. Kxg2 Qxb2 35. Re1 Nc6 36. Kg1 Qxa3 37. Bg4+ Kc7 38. Qf4+ Qd6 39. Qxd6+ Kxd6 40. Re6+ Kc5 41. Rxf6 b5 42. Kf2 a5 43. Ke3 Nd4 44. Rf8 Nc6 45. d4+ Kd6 46. Rf6+ Kc7 47. Bf3 Nb4 48. d5 a4 49. Be4 a3 50. Rf1 Kd6 51. Kd4 Na6 52. Kc3 Kc5 53. Kb3 b4 54. Rc1+ Kd4 55. Rc4+ Ke5 56. Rc6 Nb8 57. Re6+ Kd4 58. d6 Nd7 59. Re7 Nc5+ 60. Ka2 Kc3 61. d7 b3+ 62. Kxa3 Nxd7 63. Rxd7 b2 64. Rc7+ Kd2 65. Kxb2 Ke3 66. Kb3 Kxe4 67. Kb4 Kd5 68. Kb5 Ke6 69. Kb6 Kd6 70. Rc5 Ke6 71. Kc6 Ke7 72. Rd5 Ke8 73. Rd7 Kf8 74. Kd6 Ke8 75. Ke6 Kf8 76. Kf6 Ke8 77. Rd6 Kf8 78. Rd8# 1-0

[Event "Titled Tuesday intern op 02nd Apr Late"]
[Site "Chess.com INT"]
[Date "2024.04.02"]
[Round "2"]
[White "Ambartsumova, Karina"]
[Black "Hong, Andrew Z"]
[Result "0-1"]
[WhiteElo "2406"]
[BlackElo "2542"]
[PlyCount "94"]
[EventDate "2024.04.02"]
[EventType "swiss (blitz)"]
[EventRounds "11"]
[EventCountry "USA"]
[SourceTitle "CB15_2024"]
[SourceDate "2024.04.10"]
[SourceVersion "1"]
[SourceVersionDate "2024.04.10"]
[SourceQuality "1"]

1. d4 d6 2. Nf3 g6 3. g3 Bd7 4. Bg2 Qc8 5. 0-0 Bh3 6. Re1 Bxg2 7. Kxg2 h5 8. h4 Bg7 9. e4 Nc6 10. c3 Nh6 11. Bg5 0-0 12. Nbd2 e5 13. d5 Nb8 14. c4 Nd7 15. b4 Ng4 16. Nb3 f6 17. Be3 f5 18. Bg5 Ndf6 19. Nbd2 Qd7 20. Qc2 fxe4 21. Nxe4 Nxe4 22. Qxe4 Rxf3 23. Qxf3 Rf8 24. Qe4 Rxf2+ 25. Kg1 Qf5 26. Qxf5 gxf5 27. Rf1 Rb2 28. Rxf5 e4 29. Rd1 e3 30. Rf4 e2 31. Re1 Bc3 32. Rxg4 hxg4 33. Kf2 Bxe1+ 34. Kxe1 Rxb4 35. Kxe2 Rxc4 36. Ke3 Ra4 37. a3 a5 38. Bd8 Rxa3+ 39. Kf4 Rc3 40. Kg5 a4 41. h5 Kh7 42. Kxg4 a3 43. Bf6 Rc4+ 44. Kf5 Rc1 45. g4 Rf1+ 46. Ke6 Rxf6+ 47. Kxf6 a2 0-1

[Event "Titled Tuesday intern op 02nd Apr Late"]
[Site "Chess.com INT"]
[Date "2024.04.02"]
[Round "4"]
[White "Baskakov, Egor"]
[Black "Hong, Andrew Z"]
[Result "0-1"]
[WhiteElo "2215"]
[BlackElo "2542"]
[PlyCount "86"]
[EventDate "2024.04.02"]
[EventType "swiss (blitz)"]
[EventRounds "11"]
[EventCountry "USA"]
[SourceTitle "CB15_2024"]
[SourceDate "2024.04.10"]
[SourceVersion "1"]
[SourceVersionDate "2024.04.10"]
[SourceQuality "1"]

1. e4 Nc6 2. Nc3 d6 3. g3 Bd7 4. Bg2 g6 5. Nge2 Qc8 6. h3 h5 7. d4 Bg7 8. Be3 e5 9. Qd2 Nf6 10. Nd5 Nxd5 11. exd5 Ne7 12. dxe5 dxe5 13. Bc5 Nf5 14. 0-0-0 b6 15. Ba3 Nd6 16. f4 Nc4 17. Qc3 Nxa3 18. Qxa3 Bf8 19. Qc3 Bg7 20. Qa3 Qd8 21. fxe5 Bxe5 22. Rhe1 Bd6 23. Nf4+ Kf8 24. Qc3 Rh6 25. Ne6+ Bxe6 26. dxe6 Qg5+ 27. Kb1 Re8 28. exf7 Re5 29. Rxe5 Qxe5 30. Qc6 Kxf7 31. Rf1+ Kg7 32. Bd5 Rh8 33. a3 Qxg3 34. Qd7+ Kh6 35. Be4 Rf8 36. Rxf8 Bxf8 37. Qf7 Bg7 38. Bd3 Qd6 39. Kc1 Bd4 40. c3 Bxc3 41. Kc2 Be5 42. b4 Qf6 43. Qg8 Qc6+ 0-1

[Event "Titled Tuesday intern op 02nd Apr Late"]
[Site "Chess.com INT"]
[Date "2024.04.02"]
[Round "3"]
[White "Hong, Andrew Z"]
[Black "Hamitevici, Vladimir"]
[Result "1-0"]
[WhiteElo "2542"]
[BlackElo "2445"]
[PlyCount "57"]
[EventDate "2024.04.02"]
[EventType "swiss (blitz)"]
[EventRounds "11"]
[EventCountry "USA"]
[SourceTitle "CB15_2024"]
[SourceDate "2024.04.10"]
[SourceVersion "1"]
[SourceVersionDate "2024.04.10"]
[SourceQuality "1"]

1. d4 Nf6 2. Nc3 d5 3. Bf4 a6 4. e3 b5 5. Bd3 Bb7 6. g4 h6 7. Nf3 Nxg4 8. Rg1 Nf6 9. Ne5 e6 10. Qf3 Nbd7 11. Nxf7 Kxf7 12. Bg6+ Kg8 13. 0-0-0 b4 14. Ne2 Rc8 15. Be5 c5 16. Nf4 Qe7 17. Qh3 Rc6 18. Rg3 Nxe5 19. dxe5 Nd7 20. Qh5 c4 21. Rdg1 b3 22. axb3 cxb3 23. c3 a5 24. Rf3 Rxc3+ 25. Kb1 d4 26. Nd5 Nxe5 27. Nxe7+ Bxe7 28. Qxe5 Bxf3 29. Qxe6+ 1-0

[Event "Titled Tuesday intern op 02nd Apr Late"]
[Site "Chess.com INT"]
[Date "2024.04.02"]
[Round "9"]
[White "Hong, Andrew Z"]
[Black "Sargsyan, Shant"]
[Result "1-0"]
[WhiteElo "2542"]
[BlackElo "2637"]
[PlyCount "73"]
[EventDate "2024.04.02"]
[EventType "swiss (blitz)"]
[EventRounds "11"]
[EventCountry "USA"]
[SourceTitle "CB15_2024"]
[SourceDate "2024.04.10"]
[SourceVersion "1"]
[SourceVersionDate "2024.04.10"]
[SourceQuality "1"]

1. d4 d5 2. Nc3 Bf5 3. Bf4 e6 4. e3 Bd6 5. Nf3 Bxf4 6. exf4 Bg4 7. h3 Bxf3 8. Qxf3 c6 9. 0-0-0 Ne7 10. g4 Nd7 11. h4 Qc7 12. Re1 0-0-0 13. f5 e5 14. dxe5 Nxe5 15. Qg3 f6 16. f4 Nf7 17. Qe3 Rd7 18. Qxa7 Qxf4+ 19. Kb1 Qb8 20. Qa5 Qc7 21. Qa8+ Qb8 22. Qa3 Ne5 23. Na4 Qa7 24. Qb4 Kc7 25. Nc5 Ra8 26. a3 Rd6 27. g5 Nxf5 28. gxf6 gxf6 29. Rg1 Nd7 30. Nxd7 Qxg1 31. Nc5 b6 32. Na6+ Kb7 33. Bd3 Qg3 34. Nc5+ Kc7 35. Bxf5 bxc5 36. Re7+ Kd8 37. Qb7 1-0

[Event "Karlsruhe Grenke op"]
[Site "Karlsruhe"]
[Date "2024.03.28"]
[Round "1"]
[White "Huber, Benedikt Thomas"]
[Black "Hong, Andrew Z"]
[Result "0-1"]
[WhiteElo "2116"]
[BlackElo "2542"]
[PlyCount "82"]
[EventDate "2024.03.28"]
[EventType "swiss"]
[EventRounds "9"]
[EventCountry "GER"]
[SourceTitle "CB14_2024"]
[SourceDate "2024.04.01"]
[SourceVersion "1"]
[SourceVersionDate "2024.04.01"]
[SourceQuality "1"]

1. Nf3 d5 2. g3 Nf6 3. Bg2 e6 4. c4 Be7 5. 0-0 0-0 6. d4 dxc4 7. Ne5 Nc6 8. Nxc6 bxc6 9. Bxc6 Rb8 10. Nc3 Nd5 11. Qa4 Rb6 12. a3 Bf6 13. Rd1 Ba6 14. Nxd5 exd5 15. Bf4 c3 16. bxc3 Bc4 17. Bxd5 Qxd5 18. e4 Qe6 19. Re1 Ra6 20. Qb4 Be7 21. Qb7 Bd6 22. d5 Qc8 23. Qxc8 Rxc8 24. Be3 c6 25. dxc6 Rcxc6 26. Reb1 h6 27. Rb7 Bc5 28. Bd4 Ra4 29. Rd1 Rxa3 30. h4 Be2 31. Bxc5 Rxc5 32. Rd8+ Kh7 33. Rxf7 Bh5 34. Re7 Bf3 35. g4 Rcxc3 36. g5 Rc1+ 37. Kh2 Rh1+ 38. Kg3 Bxe4+ 39. Kf4 Rxh4+ 40. Ke5 Ra5+ 41. Kd6 Rd5+ 0-1

[Event "American Cup Blitz"]
[Site "Saint Louis"]
[Date "2024.03.21"]
[Round "5"]
[White "Robson, Ray"]
[Black "Hong, Andrew Z"]
[Result "1-0"]
[WhiteElo "2696"]
[BlackElo "2542"]
[PlyCount "155"]
[EventDate "2024.03.21"]
[EventType "swiss (blitz)"]
[EventRounds "7"]
[EventCountry "USA"]
[SourceTitle "CB13_2024"]
[SourceDate "2024.03.27"]
[SourceVersion "1"]
[SourceVersionDate "2024.03.27"]
[SourceQuality "1"]

1. d4 d6 2. Nf3 g6 3. c4 Bg7 4. Nc3 Nc6 5. d5 Nb8 6. e4 Bg4 7. Qa4+ Bd7 8. Qb3 Na6 9. Be3 c5 10. Be2 Nf6 11. 0-0 0-0 12. h3 e6 13. e5 dxe5 14. Nxe5 exd5 15. cxd5 Qc7 16. Nxd7 Nxd7 17. d6 Qb6 18. Nb5 Nb4 19. Rfd1 Nc6 20. Nc7 Rad8 21. Bf3 Nd4 22. Bxd4 Bxd4 23. Qxb6 Nxb6 24. Bxb7 Bxb2 25. Rab1 Be5 26. Nb5 Rd7 27. Bc6 Rdd8 28. d7 Na4 29. Rbc1 Bb2 30. Rc4 Nb6 31. Rxc5 Kg7 32. Nxa7 Rb8 33. Nc8 Bf6 34. Rb5 Rbxc8 35. dxc8Q Nxc8 36. Rb7 Be5 37. Bd5 Nd6 38. Rd7 Rb8 39. Bb3 Rb6 40. Rd5 Kf6 41. g3 g5 42. Kg2 h5 43. Rd3 Kg6 44. Re3 Bd4 45. Rd3 Be5 46. Kf3 f6 47. Rd5 Nf5 48. Bc2 Rb2 49. Be4 g4+ 50. hxg4 hxg4+ 51. Kxg4 Rb4 52. Kf3 Kg5 53. Bxf5 Kxf5 54. Rd2 Ra4 55. R7d3 Kg6 56. Rb3 f5 57. Re2 Ra5 58. Rc2 Kg5 59. Ke2 Bd4 60. Kd3 Ba7 61. a3 Kg4 62. Ke2 Re5+ 63. Kf1 Kh5 64. a4 Re4 65. Ra2 Rc4 66. a5 f4 67. gxf4 Rxf4 68. Rb7 Bd4 69. a6 Rf8 70. a7 Ra8 71. Ra6 Kg5 72. Ke2 Kf5 73. f3 Ke5 74. Rb5+ Kf4 75. Ra4 Re8+ 76. Kd3 Re3+ 77. Kxd4 Re4+ 78. fxe4 1-0

[Event "Titled Tuesday intern op 27th Feb Late"]
[Site "Chess.com INT"]
[Date "2024.02.27"]
[Round "8"]
[White "Esipenko, Andrey"]
[Black "Hong, Andrew Z"]
[Result "0-1"]
[WhiteElo "2704"]
[BlackElo "2542"]
[PlyCount "84"]
[EventDate "2024.02.27"]
[EventType "swiss (blitz)"]
[EventRounds "11"]
[EventCountry "USA"]
[SourceTitle "CB10_2024"]
[SourceDate "2024.03.06"]
[SourceVersion "1"]
[SourceVersionDate "2024.03.06"]
[SourceQuality "1"]

1. e4 Nc6 2. Nf3 d6 3. d4 Nf6 4. Nc3 g6 5. h3 Bg7 6. Be2 0-0 7. 0-0 e5 8. dxe5 Nxe5 9. Be3 Bd7 10. Re1 Bc6 11. Nd2 Re8 12. a4 d5 13. exd5 Nxd5 14. Nxd5 Qxd5 15. Bf1 Rad8 16. Qb1 a5 17. Qa2 Qxa2 18. Rxa2 Nd7 19. Bb5 Bxb5 20. axb5 Nb6 21. Nf3 Nc4 22. c3 Nxb2 23. Rxb2 Bxc3 24. Rc2 Bxe1 25. Nxe1 Rd1 26. Kf1 a4 27. Ra2 Ra8 28. b6 cxb6 29. Bxb6 Rb1 30. Bd4 b5 31. Ke2 b4 32. Nd3 a3 33. Bc5 Re8+ 34. Kd2 Rd8 35. Ke2 Rb3 36. Rd2 Re8+ 37. Kf3 a2 38. Bd4 Ra8 39. Rd1 Rb1 40. Rd2 b3 41. Ke4 a1Q 42. Bxa1 Raxa1 0-1